000 00410nam a2200169Ia 4500
008 230524s9999 xx 000 0 und d
020 _a8121922321
082 _a510
_bSAR
100 _aSwapan Kumar Sarkar
245 2 _aA Text Book of Discreate Mathematics
250 _a3RD
260 _aNEW DELHI
_bS.Chand
_c2005
300 _a731
500 _aQuantity Number: 30
650 _aMathematics
942 _cBK
999 _c789
_d789